01215cpcaa2200253 a 4500001001300000003000400013005001700017008004100034010001700075040002400092072001200116100005100128245005200179300001300231506002200244520031700266545013100583546003600714580005700750600003400807610007200841656002700913656002100940mm2009085479DLC20260227111731.0090821|||||||||||| eng  amm2009085479 aDLCcDLCedacsdDLC 7aW2lcmd1 aEllsworth, E. E.q(Elmer Ephraim),d1837-1861.00aE.E. Ellsworth autobiographical account,f1861. a1fitem.0 aOpen to research.8 aAutobiographical account written by Ellsworth while accompanying President-elect Abraham Lincoln on his inaugural journey from Springfield, Ill., to Washington, D.C., in February 1861. Ellsworth describes his military career as founder of the 11th New York Infantry Regiment (also known as Ellsworth's Zouaves).0 aU.S. Army officer and lawyer. Ellsworth studied law with Abraham Lincoln prior to working on Lincoln's presidential campaign. aCollection material in English. aForms part of: Miscellaneous Manuscripts collection.10aLincoln, Abraham,d1809-1865.10aUnited States.bArmy.bNew York Infantry Regiment, 11th (1861-1862) 7aArmy officers.2itoamc 7aLawyers.2itoamc